Nations and nationalism
| Titel: | Nations and nationalism : journal of the Association for the Study of Ethnicity and Nationalism |
|---|---|
| Veröffentlicht: |
Oxford [u.a.] : Blackwell, 1995- Cambridge : Cambridge Univ. Press, 1995-2000 |
| Erscheinungsverlauf: | 1.1995 - |
| Format: | Zeitschrift, Zeitung |
| Sprache: | Englisch |
| Andere Ausgaben: |
Online-Ausg.: Nations and nationalism. - Oxford : Wiley-Blackwell, 1995-. - Online-Ressource. - 10.1111/(ISSN)1469-8129
|
| ISSN: | 1354-5078 |
X
alg: 5482004
001A $06050:04-12-97
001B $06062:20-11-25 $t07:36:47.000
001D $06050:10-10-15
001U $0utf8
001X $00
002@ $0Abvc
002C $aText $btxt $2rdacontent
002D $aohne Hilfsmittel zu benutzen $bn $2rdamedia
002E $aBand $bnc $2rdacarrier
003@ $0054820049
003O $0224643597 $aOCoLC
005A $01354-5078
006N $002668610
006Z $01241521-2
007A $01241521-2 $aZDB
010@ $aeng
011@ $a1995 $n1995-
013D $RPresse $RFortlaufendes Sammelwerk $#Periodicals $#Yearbooks $#Périodiques $#Annuaires $#Publicaciones periódicas $#journals $#Periodical $#Periodicals as Topic $#Zeitschrift $#Zeitschrift $#Periodikum $#Zeitschriften $74067488-5 $8Zeitschrift [Tsz] $9085189774
018@ $0u
021A $aNations and nationalism $djournal of the Association for the Study of Ethnicity and Nationalism
031@ $a1.1995 -
031N $d1 $6 $j1995
033A $pOxford {[u.a.] $nBlackwell
033A $pCambridge $h1995-2000 $zf $nCambridge Univ. Press
039D $aOnline-Ausg. $8--Obvc--. Nations and nationalism. - Oxford : Wiley-Blackwell, 1995-. - Online-Ressource. - ISSN 1469-8129. - DOI 10.1111/(ISSN)1469-8129 $9084522844
039X $aFür weitere Bestandsnachweise siehe auch $8--Adx--. Nations and nationalism. - Oxford {[u.a.] : Blackwell, 1995-. - ISSN 1354-5078 $9113363265
044K $qZDB $#Nation-state $#Nation $#Nation $#Nation $#Nation $#National $#Nationalgedanke $#Nationale Frage Nation $#Nationen $74041279-9 $8Nation [Ts1] $9085112968
044K $qZDB $RNationalbewegung $RNationalbewusstsein $RPatriotismus $#Nationalism $#Nationalisme $#Nazionalismo $#Nacionalismo $#Nationalismus $#Nationalismus $#Nationalismus $#Pannationalismus $74041300-7 $8Nationalismus [Ts1] $9085113069
044K $qZDB $RPresse $RFortlaufendes Sammelwerk $#Periodicals $#Yearbooks $#Périodiques $#Annuaires $#Publicaciones periódicas $#journals $#Periodical $#Periodicals as Topic $#Zeitschrift $#Zeitschrift $#Periodikum $#Zeitschriften $74067488-5 $8Zeitschrift [Tsz] $9085189774
045T $a3,6
045T $aLING $qDE-30 $2FID
045U $e320
lok: 5482004 3
101B $010-05-17 $t09:05:54.000
101C $013-12-06
101U $0utf8
145S/01 $a007
145S/02 $a711
exp: 5482004 3 1 #EPN
201B/01 $015-10-09 $t10:10:59.000
201U/01 $0utf8
203@/01 $0116858672
208@/01 $a21-10-98 $bpAa
209A/01 $aZs 21968 $f000 $x00
209E/01 $a1.1995 - 2.1996; 3.1997,1-3; 4.1998 - 15.2009 $x02
231@/01 $0 $03 $01997 $0 $04 $01998 $015 $02009 $d1 $j1995 $k1996 $n2
247C/01 $8601000-3 <30>Frankfurt, Universitätsbibliothek J. C. Senckenberg, Zentralbibliothek (ZB) $9102598258
exp: 5482004 3 2 #EPN
201B/02 $006-09-05 $t11:56:24.000
203@/02 $0119206536
208@/02 $a07-10-98 $bp
209A/02 $aPs XVIII 82 $f073 $x00
209E/02 $a1.1995 - 11.2005 $x02
231@/02 $d1 $j1995 $k2005 $n11
247C/02 $8601073-8 <30/73>Frankfurt, Ethnologische Bibliothek Leo Frobenius $9102598584
201U/02 $0utf8
lok: 5482004 25
101B $018-04-13 $t15:36:47.000
101C $018-04-13
101U $0utf8
144Z/35 $a12.3 Afrika
144Z/36 $a12.3 Unabhängigkeit
144Z/37 $a12.3 Unabhängigkeitsfeiern <2010>
144Z/38 $a12.3 Nationalfeiertag
exp: 5482004 25 1 #EPN
201B/01 $016-10-18 $t16:22:14.000
201C/01 $018-04-13
201U/01 $0utf8
203@/01 $067402592X
208@/01 $a18-04-13 $bp
209A/01 $aAf 1344 $du $f066 $x00
209C/01 $a2013/94
209E/01 $a19,2.2013 $x02
209G/01 $aReWi / Ethnologie und Afrikastudien $x01
231@/01 $d19 $j2013
237A/01 $aEinzelheft
247C/01 $8651066-8 <77/066>Mainz, Universität Mainz, Bereichsbibliothek Rechts- und Wirtschaftswissenschaften / Ethnologie und Afrikanistik $9102600155
exp: 5482004 25 2 #EPN
201B/02 $016-10-18 $t16:22:15.000
201C/02 $011-04-16
201U/02 $0utf8
203@/02 $0771241690
208@/02 $a11-04-16 $bp
209A/02 $aAf 1344 2. Ex. $du $f066 $x00
209C/02 $a2013/Ge
209E/02 $a19,2.2013 $x02
209G/02 $aReWi / Ethnologie und Afrikastudien $x01
231@/02 $d19 $j2013
237A/02 $aEinzelheft
247C/02 $8651066-8 <77/066>Mainz, Universität Mainz, Bereichsbibliothek Rechts- und Wirtschaftswissenschaften / Ethnologie und Afrikanistik $9102600155
lok: 5482004 78
exp: 5482004 78 1 #EPN
201B/01 $019-04-17 $t14:24:47.000
201U/01 $0utf8
203@/01 $0790995654
208@/01 $a12-11-16 $be
209A/01 $a/ $f000 $x00
220C/01 $aTitelaufnehmer: jb;pg
244Z/01 $2Trx $8--Trx--elektronische Ressource $x01 $939138452X
245Z/01 $a01.02 $x01
247C/01 $82080>Marburg/Lahn, Herder-Institut, Forschungsbibliothek, Bibliographieportal $9336309341
| LEADER | 00000cas a2200000 c 4500 | ||
|---|---|---|---|
| 001 | 054820049 | ||
| 003 | DE-603 | ||
| 005 | 20251120073647.0 | ||
| 007 | tu | ||
| 008 | 971204c19959999xx u| p| 0 |1eng c | ||
| 016 | 7 | |2 DE-600 |a 1241521-2 | |
| 022 | |a 1354-5078 | ||
| 035 | |a (DE-599)ZDB1241521-2 | ||
| 035 | |a (OCoLC)224643597 | ||
| 035 | |a (NL-LiSWE)02668610 | ||
| 040 | |a DE-603 |b ger |c DE-603 |d DE-603 | ||
| 041 | |a eng | ||
| 084 | |a 3,6 |2 ssgn | ||
| 084 | |a LING |q DE-30 |2 fid | ||
| 084 | |a 320 |q DE-600 |2 sdnb | ||
| 245 | 0 | 0 | |a Nations and nationalism |b journal of the Association for the Study of Ethnicity and Nationalism |
| 264 | 2 | 1 | |a Cambridge |b Cambridge Univ. Press |c 1995-2000 |
| 264 | 3 | 1 | |a Oxford [u.a.] |b Blackwell |c 1995- |
| 336 | |a Text |b txt |2 rdacontent | ||
| 337 | |a ohne Hilfsmittel zu benutzen |b n |2 rdamedia | ||
| 338 | |a Band |b nc |2 rdacarrier | ||
| 362 | 0 | |a 1.1995 - | |
| 363 | 0 | 1 | |8 1.1\x |a 1 |i 1995 |
| 650 | 7 | |a Nation |0 (DE-588)4041279-9 |0 (DE-603)085112968 |2 gnd | |
| 650 | 7 | |a Nationalismus |0 (DE-588)4041300-7 |0 (DE-603)085113069 |2 gnd | |
| 650 | 7 | |a Zeitschrift |0 (DE-588)4067488-5 |0 (DE-603)085189774 |2 gnd | |
| 655 | 7 | |a Zeitschrift |2 gnd-content |0 (DE-588)4067488-5 |0 (DE-603)085189774 | |
| 776 | 0 | 8 | |i Online-Ausg. |t Nations and nationalism |d Oxford : Wiley-Blackwell, 1995- |h Online-Ressource |o 10.1111/(ISSN)1469-8129 |x 1469-8129 |w (DE-603)084522844 |w (DE-600)1500007-2 |
| 924 | 0 | |9 30 |a (DE-603)116858672 |b DE-30 |c HES |d c |g Zs 21968 |m 1 |q 1995 |r 2 |v 1996 |w ; |m 3 |q 1997 |w ; |m 4 |q 1998 |r 15 |v 2009 |z 1.1995 - 2.1996; 3.1997,1-3; 4.1998 - 15.2009 | |
| 924 | 0 | |9 30/73 |a (DE-603)119206536 |b DE-30-73 |c HES |d d |g Ps XVIII 82 |m 1 |q 1995 |r 11 |v 2005 |z 1.1995 - 11.2005 | |
| 924 | 0 | |9 77/066 |a (DE-603)67402592X |b DE-77-066 |c HES |d d |g Af 1344 |h ReWi / Ethnologie und Afrikastudien |m 19 |q 2013 |z 19,2.2013 | |
| 924 | 0 | |9 77/066 |a (DE-603)771241690 |b DE-77-066 |c HES |d d |g Af 1344 2. Ex. |h ReWi / Ethnologie und Afrikastudien |m 19 |q 2013 |z 19,2.2013 | |
| 924 | 0 | |9 2080 |a (DE-603)790995654 |b DE-2080 |c HES |d d |g / | |


